Les plus grandes villes Françaises par lettre - Statistiques

Statistiques générales
  • Ce quiz a été pris 170 fois
  • Le résultat moyen est 12 sur 26
Statistiques - réponses
Lettre Population Ville % Correct
M 794,811 Marseille
99%
P 2,138,551 Paris
99%
L 472,317 Lyon
97%
T 433,055 Toulouse
93%
B 231,844 Bordeaux
90%
N 338,620 Nice
83%
S 274,845 Strasbourg
81%
R 209,375 Rennes
80%
G 158,552 Grenoble
70%
O 124,149 Orléans
65%
A 168,279 Angers
64%
D 149,782 Dijon
62%
Q 63,849 Quimper
58%
C 138,681 Clermont-Ferrand
41%
V 131,445 Villeurbanne
32%
E 57,795 Évreux
22%
H 50,487 Hyères
17%
I 61,447 Issy-les-Moulineaux
16%
W 42,826 Wattrelos
14%
F 53,098 Fréjus
12%
U 11,384 Ussel
10%
J 37,466 Joué-lès-Tours
9%
Y 28,897 Yerres
9%
X 2.579 Xertigny
2%
K 12,690 Kingersheim
1%
Z 2.514 Zillisheim
1%
Aucun quiz correspondant
Distribution des résultats
% des personnes avec chaque résultat
Percentile par nombre de réponses
Votre historique - résultats
Vous n’avez pas pris ce quiz